Michigan 2024 Football Roster - Statistics

General Stats
  • This quiz has been taken 39 times
  • The average score is 32 of 136
Answer Stats
NO. Name POS. YR. % Correct
0 Semaj Morgan WR SO
79%
2 Will Johnson DB JR
76%
16 Davis Warren QB SR
72%
3 Fredrick Moore WR SO
72%
10 Alex Orji QB JR
69%
60 Brooks Bahr OL SO
69%
18 Colston Loveland TE JR
69%
8 Derrick Moore EDGE JR
69%
7 Donovan Edwards RB SR
69%
28 Quinten Johnson DB GR
69%
9 Rod Moore DB SR
69%
2 Jadyn Davis QB FR
66%
1 Jaishawn Barham LB JR
66%
0 Josaiah Stewart EDGE SR
66%
22 Ricky Johnson DB GR
66%
82 I'Marion Stewart WR FR
62%
20 Kalel Mullings RB GR
62%
55 Mason Graham DL JR
62%
37 Micah Davis DB SO
62%
17 Marlin Klein TE JR
59%
52 Cole Morgan OL SO
55%
96 Dominic Zvada K JR
55%
23 Jordan Marshall RB FR
55%
20 Jyaire Hill DB SO
52%
12 Kendrick Bell WR SO
52%
78 Kenneth Grant DL JR
52%
7 Makari Paige DB GR
52%
42 TJ Guy EDGE SR
52%
83 Zack Marshall TE SO
52%
13 Jack Tuttle QB GR
48%
8 Tyler Morris WR JR
45%
4 Jayden Denegal QB JR
41%
44 Max Bredeson FB SR
41%
26 Rayshaun Benny DL SR
41%
10 Zeke Berry DB JR
41%
12 Aamir Hall DB GR
38%
28 Benjamin Hall RB SO
38%
81 Peyton O'Leary WR SR
38%
6 Brandyn Hillman DB SO
34%
58 Giovanni El-Hadi OL SR
34%
19 Tommy Doman K/P SR
34%
71 Evan Link OL SO
31%
1 Amorion Walker WR JR
28%
5 CJ Charleston WR GR
28%
15 Ernest Hausmann LB JR
28%
30 Jimmy Rolder LB JR
28%
17 Enow Etta DL SO
24%
13 Wesley Walker DB GR
24%
14 Channing Goodwin WR FR
21%
24 Cole Cabana RB SO
21%
23 Cole Sullivan LB FR
21%
18 Ja'Den McBurrows DB SR
21%
22 Tavierre Dunlap RB SR
21%
75 Andrew Gentry OL JR
17%
54 Andrew Sprague OL FR
17%
76 Connor Jones OL JR
17%
51 Greg Crippen OL SR
17%
3 Jaden Mangham DB JR
17%
42 Jalen Hoffman TE SO
17%
14 Kody Jones DB JR
17%
25 Micah Ka'apana RB FR
17%
78 Myles Hinton OL GR
17%
86 Brady Prieskorn TE FR
14%
45 Greg Tarr LS SR
14%
80 Hogan Hansen TE FR
14%
39 Joe Taylor WR SR
14%
62 Raheem Anderson OL GR
14%
92 Stone Anderson K/P SO
14%
49 William Wagner LS SR
14%
77 Blake Frazier OL FR
10%
41 Bryson Kuzdzal RB SO
10%
91 Cameron Brandt EDGE SO
10%
33 Dominic Nichols EDGE FR
10%
90 Hudson Hollenbeck P JR
10%
5 Jacob Oden DB FR
10%
53 Jake Guarnera OL FR
10%
34 Jaydon Hood LB SR
10%
68 Josh Priebe OL GR
10%
29 Joshua Nichols DB JR
10%
25 Mason Curtis DB FR
10%
95 Trey Pierce DL SO
10%
15 Anthony Arnou QB SR
7%
82 Devon Baxter EDGE FR
7%
38 Grayson Dee TE SO
7%
79 Jeffrey Persi OL GR
7%
32 Jeremiah Lowe DB FR
7%
93 Joey Klunder DL JR
7%
16 Jo'Ziah Edmond DB FR
7%
34 Leon Franklin RB GR
7%
4 Micah Pollard LB JR
7%
24 Myles Pollard DB JR
7%
55 Nathan Efobi OL SO
7%
35 Stuart Blake K FR
7%
36 Tomas O'Meara WR FR
7%
72 Tristan Bounds OL SR
7%
27 Tyler McLaurin EDGE SR
7%
43 Zach Ludwig LB FR
7%
89 Alessandro Lorenzetti DL JR
3%
46 Alexander Lidback LB SR
3%
90 Aymeric Koumba EDGE SO
3%
73 Ben Roebuck OL FR
3%
58 Breeon Ishmail EDGE SO
3%
38 Bryce Wilcox WR JR
3%
97 Chibi Anwunah EDGE JR
3%
40 Christian Boivin LB SR
3%
66 Dan Taraboi OL JR
3%
43 Deakon Tonielli TE SO
3%
54 Deyvid Palepale OL FR
3%
56 Dominick Giudice OL SR
3%
85 Drew Hickmott WR FR
3%
91 Evan Boutorwick LS JR
3%
49 Henry Donohue RB SR
3%
92 Ike Iwunnah DL SR
3%
39 Jack MacKinnon LB SO
3%
64 James Kavouklis OL/LS JR
3%
44 Jason Hewlett LB SO
3%
56 Joel Metzger LB SR
3%
59 John Weidenbach LB SO
3%
89 Kaleb Schlecht WR SO
3%
52 Kechaun Bennett EDGE SR
3%
36 Keshaun Harris DB GR
3%
46 Liam Groulx TE SO
3%
35 Logan Forbes WR JR
3%
88 Lugard Edokpayi EDGE FR
3%
50 Luke Hamilton OL FR
3%
76 Manuel Beigel DL FR
3%
31 Nico Andrighetto DB JR
3%
45 Noah Howes TE SR
3%
99 Owen Wafle DL FR
3%
70 Peter Simmons DL SR
3%
85 Ted Hammond DL FR
3%
99 Adam Samaha K SO
0%
93 Charlie Mentzer K/P SR
0%
74 Dan Rosenberg LS SO
0%
31 Max Reyes DB JR
0%
37 Shomari Stone DB JR
0%
No matching quizzes found
Score Distribution
Percent of People with Each Score
Percentile by Number Answered
Your Score History
You have not taken this quiz